[Event "Open A Zadar 2016"]
[Site "Zadar"]
[Date "2016.12.15"]
[Round "7.22"]
[White "Cebalo, Miso"]
[Black "Burovic, Rijad"]
[Result "1-0"]
[WhiteElo "2333"]
[BlackElo "2302"]
[PlyCount "90"]
[EventDate "2016.12.11"]
[EventCountry "CRO"]

1. d4 d6 2. e4 Nf6 3. f3 e5 4. Ne2 Be7 5. Nbc3 c6 6. Be3 O-O 7. Qd2 b5 8. a4 b4
9. Nd1 exd4 10. Nxd4 c5 11. Nb3 Be6 12. Nf2 Nbd7 13. Bb5 Ne5 14. O-O Qc7 15. f4
Nc4 16. Bxc4 Bxc4 17. Rfe1 Rfe8 18. f5 Nd7 19. Rad1 Ne5 20. Nc1 Rad8 21. b3 Ba6
22. Ne2 Nd7 23. Nf4 Nf6 24. c4 bxc3 25. Qxc3 Bb7 26. Bc1 Bf8 27. Bb2 Nxe4 28.
Nxe4 Bxe4 29. Rxe4 Rxe4 30. Nd5 Qb7 31. Nf6+ Kh8 32. Qf3 Re7 33. Qh5 gxf6 34.
Bxf6+ Bg7 35. Bxg7+ Kxg7 36. f6+ Kxf6 37. Qh6+ Ke5 38. Qg5+ f5 39. Re1+ Kd5 40.
Rxe7 Qb4 41. Qxf5+ Kc6 42. h3 Qd4+ 43. Kh2 h6 44. Qf3+ d5 45. Qf7 Qb4 1-0

[Event "Open A Zadar 2016"]
[Site "Zadar"]
[Date "2016.12.15"]
[Round "7.23"]
[White "Samani, Yamac"]
[Black "Bao, Qilin"]
[Result "1/2-1/2"]
[WhiteElo "2265"]
[BlackElo "2331"]
[PlyCount "76"]
[EventDate "2016.12.11"]
[EventCountry "CRO"]

1. e4 c5 2. Nf3 Nc6 3. d4 cxd4 4. Nxd4 Nf6 5. Nc3 d6 6. Bg5 e6 7. Qd2 a6 8.
O-O-O Bd7 9. f4 h6 10. Bh4 b5 11. Bxf6 gxf6 12. Kb1 b4 13. Nce2 Qb6 14. Nxc6
Bxc6 15. f5 e5 16. Ng3 h5 17. h4 Qc5 18. Qe2 Bh6 19. Nxh5 Ke7 20. g4 Be3 21.
Rh3 Bd4 22. g5 Bb5 23. Qf3 Rac8 24. Rh2 Bxf1 25. Rxf1 Bxb2 26. Kxb2 Qc3+ 27.
Kb1 Qxf3 28. gxf6+ Kd7 29. Rxf3 Rxh5 30. Rg3 Rh6 31. h5 Rch8 32. Rb3 a5 33. a3
Rxh5 34. Rxh5 Rxh5 35. axb4 axb4 36. Rxb4 Rh6 37. Rb7+ Ke8 38. Rb8+ Kd7 1/2-1/2

[Event "Open A Zadar 2016"]
[Site "Zadar"]
[Date "2016.12.15"]
[Round "7.24"]
[White "Marjanovic, Dejan"]
[Black "Matko, Ognjen"]
[Result "1-0"]
[WhiteElo "2439"]
[BlackElo "2311"]
[PlyCount "90"]
[EventDate "2016.12.11"]
[EventCountry "CRO"]

1. d4 Nf6 2. Nf3 c5 3. e3 g6 4. Be2 Bg7 5. O-O O-O 6. c4 cxd4 7. Nxd4 Nc6 8.
Nc3 d6 9. b3 Bd7 10. Bb2 Rc8 11. Qd2 Ne8 12. Rfd1 Nc7 13. Bf3 Nxd4 14. exd4 b5
15. c5 dxc5 16. dxc5 Bf5 17. Qe2 Qe8 18. b4 e5 19. Ne4 Bxe4 20. Bxe4 Ne6 21. a4
bxa4 22. Qa6 Rb8 23. Bc3 Nc7 24. Qxa4 Qxa4 25. Rxa4 Rfd8 26. Raa1 a6 27. Kf1
Nb5 28. Be1 Nc7 29. g4 Rd4 30. Rxd4 exd4 31. Bd3 Ra8 32. Bd2 Be5 33. Re1 Bf6
34. Bf4 Ne6 35. Bd6 Bg5 36. Ra1 Bf4 37. Bxf4 Nxf4 38. Bxa6 d3 39. b5 d2 40. Rd1
Nd3 41. c6 Nc5 42. Rxd2 Nxa6 43. bxa6 Kg7 44. c7 Rc8 45. a7 Kf6 1-0

[Event "Open A Zadar 2016"]
[Site "Zadar"]
[Date "2016.12.15"]
[Round "7.25"]
[White "Blohberger, Felix"]
[Black "Skomorokhin, Roman"]
[Result "1/2-1/2"]
[WhiteElo "2272"]
[BlackElo "2414"]
[PlyCount "80"]
[EventDate "2016.12.11"]
[EventCountry "CRO"]

1. d4 d5 2. c4 dxc4 3. Nf3 a6 4. e3 Nf6 5. Bxc4 e6 6. O-O b5 7. Be2 Bb7 8. a4
b4 9. Ne5 Nbd7 10. Nd2 Nxe5 11. dxe5 Nd7 12. Bf3 Bxf3 13. Nxf3 c5 14. Qe2 Qc7
15. b3 Be7 16. Bb2 O-O 17. Rac1 Rfd8 18. Rfd1 Qb7 19. Nd2 Nb6 20. a5 Nd5 21.
Nc4 Rd7 22. e4 Nf4 23. Qf3 Rxd1+ 24. Rxd1 Ng6 25. g3 Rd8 26. Rxd8+ Bxd8 27. Qd3
Be7 28. f4 Nf8 29. f5 Qd7 30. Qf3 f6 31. exf6 Bxf6 32. e5 Bg5 33. f6 Qd5 34.
Qg4 Bh6 35. Qe2 Nd7 36. h4 g6 37. h5 Nf8 38. Kh2 Bg5 39. hxg6 Nxg6 40. Qh5 Bxf6
1/2-1/2

[Event "Open A Zadar 2016"]
[Site "Zadar"]
[Date "2016.12.15"]
[Round "7.26"]
[White "De Francesco, Klaus"]
[Black "Tica, Sven"]
[Result "1/2-1/2"]
[WhiteElo "2257"]
[BlackElo "2359"]
[PlyCount "87"]
[EventDate "2016.12.11"]
[EventCountry "CRO"]

1. d4 d5 2. c4 e6 3. Nf3 Nf6 4. Nc3 c5 5. e3 a6 6. a3 dxc4 7. Bxc4 b5 8. Bd3
Nbd7 9. e4 cxd4 10. Nxd4 Nc5 11. Bc2 Bb7 12. f3 Qc7 13. Be3 Rd8 14. Qe2 Bd6 15.
g3 h5 16. Rc1 Qb8 17. Ndxb5 axb5 18. e5 Bxe5 19. Bxc5 Bxc3+ 20. bxc3 Nd7 21.
Bb4 Qe5 22. Bd3 Bxf3 23. Qxe5 Nxe5 24. Bxb5+ Bc6 25. Bxc6+ Nxc6 26. Ke2 f5 27.
Rhd1 Kf7 28. Rxd8 Rxd8 29. Rd1 Rc8 30. a4 Kf6 31. a5 Rb8 32. Ra1 Nxb4 33. cxb4
Rxb4 34. a6 Rb8 35. a7 Ra8 36. Ke3 g5 37. Ra6 Ke5 38. h4 f4+ 39. gxf4+ gxf4+
40. Kf2 Kd4 41. Kf3 e5 42. Ra4+ Kd5 43. Ra6 Kd4 44. Ra4+ 1/2-1/2

[Event "Open A Zadar 2016"]
[Site "Zadar"]
[Date "2016.12.15"]
[Round "7.27"]
[White "Biliskov, Vjekoslav"]
[Black "Zovko, Mario"]
[Result "1/2-1/2"]
[WhiteElo "2314"]
[BlackElo "2342"]
[PlyCount "34"]
[EventDate "2016.12.11"]
[EventCountry "CRO"]

1. e4 c6 2. d4 d5 3. e5 c5 4. dxc5 Nc6 5. Bb5 e6 6. Be3 Nge7 7. Nf3 Bd7 8. Bxc6
Bxc6 9. c3 Nf5 10. Bd4 Nxd4 11. cxd4 b6 12. cxb6 Qxb6 13. Qb3 Qa6 14. Nc3 Be7
15. Qc2 Bb4 16. Kd2 O-O 17. Ke3 Rfc8 1/2-1/2

[Event "Open A Zadar 2016"]
[Site "Zadar"]
[Date "2016.12.15"]
[Round "7.28"]
[White "Stocko, Josip"]
[Black "Zelic, Mladen"]
[Result "0-1"]
[WhiteElo "2340"]
[BlackElo "2305"]
[PlyCount "106"]
[EventDate "2016.12.11"]
[EventCountry "CRO"]

1. e4 e5 2. Nf3 Nc6 3. Bc4 Nf6 4. d3 Be7 5. O-O O-O 6. Re1 d6 7. a4 Kh8 8. a5
a6 9. c3 Ng8 10. d4 f5 11. dxe5 fxe4 12. Rxe4 Rxf3 13. gxf3 Bf5 14. Re1 Nxe5
15. Bf1 Qf8 16. Nd2 Bg5 17. Nc4 Bc2 18. Qxc2 Nxf3+ 19. Kh1 Nxe1 20. Qd1 Qxf2
21. Qe2 Rf8 22. Qxf2 Rxf2 23. Kg1 Rc2 24. Bd2 Bxd2 25. Nxd2 Rxd2 26. Rxe1 g6
27. Re8 Kg7 28. b4 b6 29. Bxa6 bxa5 30. bxa5 Nf6 31. Ra8 Nd5 32. c4 Nb4 33. Bc8
c5 34. a6 Ra2 35. Bb7 Kf6 36. a7 Kg5 37. Bf3 Nd3 38. Bb7 Ne5 39. Bd5 h5 40. Kf1
Ng4 41. Kg1 Kh4 42. Rd8 Rxa7 43. Rxd6 g5 44. Bf3 Ra1+ 45. Rd1 Rxd1+ 46. Bxd1
Kh3 47. Bf3 Nxh2 48. Bxh5 Kg3 49. Be2 g4 50. Bd3 Nf3+ 51. Kf1 Kh2 52. Be2 Nd2+
53. Ke1 g3 0-1

[Event "Open A Zadar 2016"]
[Site "Zadar"]
[Date "2016.12.15"]
[Round "7.29"]
[White "Horvath, Dominik"]
[Black "Muha, Miljenko"]
[Result "1-0"]
[WhiteElo "2269"]
[BlackElo "2258"]
[PlyCount "67"]
[EventDate "2016.12.11"]
[EventCountry "CRO"]

1. Nf3 c5 2. c4 g6 3. e4 Bg7 4. d4 d6 5. Nc3 Nc6 6. d5 Nd4 7. Nxd4 cxd4 8. Nb5
Qb6 9. c5 dxc5 10. Bf4 Kf8 11. Rc1 e5 12. dxe6 Qxe6 13. Nc7 Qxe4+ 14. Qe2 Qxe2+
15. Bxe2 Rb8 16. Nd5 Bh6 17. Bd6+ Ke8 18. Rxc5 b6 19. Rc7 Be6 20. Bb5+ Kd8 21.
Nb4 a6 22. Bxa6 Bd7 23. Rxd7+ Kxd7 24. Bxb8 Nf6 25. Be5 Ke6 26. Bxd4 Rd8 27.
Bxf6 Kxf6 28. O-O Ra8 29. Bc4 Ra4 30. a3 Ra5 31. Nd5+ Ke5 32. Nxb6 Kd4 33. Rd1+
Kc5 34. b4+ 1-0

[Event "Open A Zadar 2016"]
[Site "Zadar"]
[Date "2016.12.15"]
[Round "7.30"]
[White "Jusic, Zdenko"]
[Black "Krsnik Cohar, Ivan Vihor"]
[Result "0-1"]
[WhiteElo "2257"]
[BlackElo "2353"]
[PlyCount "120"]
[EventDate "2016.12.11"]
[EventCountry "CRO"]

1. e4 c6 2. d4 d5 3. e5 Bf5 4. Nc3 e6 5. g4 Bg6 6. Nge2 h5 7. Nf4 Bh7 8. g5 Bf5
9. Nxh5 c5 10. Ng3 cxd4 11. Nb5 Bg6 12. Bd3 Bb4+ 13. Kf1 Ne7 14. a3 Bc5 15. b4
a6 16. bxc5 axb5 17. Bxb5+ Kf8 18. h4 Qa5 19. Rb1 Qc3 20. Bd3 Nd7 21. Rb3 Qxc5
22. f4 Rc8 23. Bd2 Bxd3+ 24. cxd3 Qc2 25. Qxc2 Rxc2 26. Rxb7 Rxd2 27. Rxd7 Ke8
28. Rb7 Rd1+ 29. Ke2 Rxh1 30. Rb8+ Kd7 31. Rxh8 Rh3 32. Kf2 Ng6 33. Rh7 Nxf4
34. Kf3 Nxd3 35. h5 Nxe5+ 36. Kg2 d3 37. Nf1 Rh4 38. h6 gxh6 39. gxh6 Ke7 40.
Nd2 Nc4 41. Nf3 d2 42. Nxd2 Nxd2 43. Rh8 Kf6 44. Kg3 Rh1 45. a4 Nc4 46. Kg4
Ne5+ 47. Kg3 Ra1 48. a5 Rxa5 49. Rg8 Ng6 50. h7 Ra3+ 51. Kh2 Nh8 52. Rxh8 Kg7
53. Rf8 Kxh7 54. Rxf7+ Kg6 55. Rf8 e5 56. Rd8 d4 57. Rf8 Kg5 58. Kg2 Kg4 59.
Kf2 Ra2+ 60. Ke1 d3 0-1

[Event "Open A Zadar 2016"]
[Site "Zadar"]
[Date "2016.12.16"]
[Round "8.1"]
[White "Dragnev, Valentin"]
[Black "Bai, Jinshi"]
[Result "1/2-1/2"]
[WhiteElo "2475"]
[BlackElo "2544"]
[PlyCount "57"]
[EventDate "2016.12.11"]
[EventCountry "CRO"]
[WhiteClock "1:30:00"]
[BlackClock "1:28:00"]

1. e4 e5 2. Bc4 Nf6 3. d3 c6 4. Nf3 d5 5. Bb3 a5 6. a4 Bb4+ 7. c3 Bd6 8. exd5
cxd5 9. Bg5 Be6 10. Na3 Nbd7 11. Nb5 Bb8 12. O-O h6 13. Bh4 O-O 14. Re1 Re8 15.
h3 Ra6 16. Qd2 Qe7 17. Bc2 Qf8 18. Bg3 Bf5 19. d4 Bxc2 20. Qxc2 e4 21. Nh2 Rc6
22. Bxb8 Rxb8 23. f3 Re8 24. fxe4 Nxe4 25. Nf3 f5 26. Rad1 b6 27. Na7 Rc7 28.
Nb5 Rc6 29. Na7 1/2-1/2

[Event "Open A Zadar 2016"]
[Site "Zadar"]
[Date "2016.12.16"]
[Round "8.2"]
[White "Jovanic, Ognjen"]
[Black "Palac, Mladen"]
[Result "1/2-1/2"]
[WhiteElo "2477"]
[BlackElo "2601"]
[PlyCount "21"]
[EventDate "2016.12.11"]
[EventCountry "CRO"]
[WhiteClock "1:30:00"]
[BlackClock "1:30:00"]

1. d4 Nf6 2. c4 e6 3. Nf3 b6 4. a3 Bb7 5. Nc3 d5 6. cxd5 Nxd5 7. Qc2 Be7 8. e4
Nxc3 9. bxc3 O-O 10. Bd3 c5 11. O-O 1/2-1/2

[Event "Open A Zadar 2016"]
[Site "Zadar"]
[Date "2016.12.16"]
[Round "8.3"]
[White "Stevic, Hrvoje"]
[Black "Brkic, Ante"]
[Result "1/2-1/2"]
[WhiteElo "2600"]
[BlackElo "2569"]
[PlyCount "42"]
[EventDate "2016.12.11"]
[EventCountry "CRO"]
[WhiteClock "1:30:00"]
[BlackClock "1:30:00"]

1. e4 e5 2. Nf3 Nc6 3. Bb5 a6 4. Ba4 Nf6 5. O-O Be7 6. Re1 b5 7. Bb3 d6 8. c3
O-O 9. h3 Nb8 10. d4 Nbd7 11. Nbd2 Bb7 12. Bc2 Re8 13. Nf1 Bf8 14. Ng3 g6 15.
b3 Bg7 16. d5 Rc8 17. c4 c6 18. Be3 Qc7 19. Rc1 b4 20. Qd2 c5 21. a4 a5 1/2-1/2

[Event "Open A Zadar 2016"]
[Site "Zadar"]
[Date "2016.12.16"]
[Round "8.4"]
[White "Nikolic, Predrag"]
[Black "Xu, Xiangyu"]
[Result "1-0"]
[WhiteElo "2615"]
[BlackElo "2467"]
[PlyCount "83"]
[EventDate "2016.12.11"]
[EventCountry "CRO"]
[WhiteClock "1:30:00"]
[BlackClock "1:30:00"]

1. d4 Nf6 2. Nf3 g6 3. Bf4 Bg7 4. e3 b6 5. Nbd2 Bb7 6. h3 O-O 7. c3 c5 8. a4 d6
9. Bc4 Nc6 10. O-O Re8 11. d5 Ne5 12. Bxe5 dxe5 13. e4 Qc7 14. a5 Red8 15. Qe2
Ne8 16. Bb5 Nd6 17. a6 Bc8 18. Bc6 Rb8 19. b4 e6 20. Rfd1 Bd7 21. bxc5 bxc5 22.
Bxd7 Qxd7 23. Nf1 Nxe4 24. Qxe4 exd5 25. Rab1 dxe4 26. Rxd7 exf3 27. Rxb8 Rxb8
28. Rxa7 c4 29. Rb7 Ra8 30. a7 Bf8 31. Nd2 Kg7 32. Ne4 h6 33. gxf3 g5 34. Kg2
Ba3 35. Kg3 h5 36. Nxg5 Kg6 37. Nxf7 Kf6 38. Nd8 e4 39. Nc6 Bd6+ 40. Kg2 Kf5
41. fxe4+ Kxe4 42. Rb8 1-0

[Event "Open A Zadar 2016"]
[Site "Zadar"]
[Date "2016.12.16"]
[Round "8.5"]
[White "Li, Di"]
[Black "Sebenik, Matej"]
[Result "1-0"]
[WhiteElo "2434"]
[BlackElo "2541"]
[PlyCount "87"]
[EventDate "2016.12.11"]
[EventCountry "CRO"]
[WhiteClock "1:30:00"]
[BlackClock "1:30:00"]

1. d4 Nf6 2. Nf3 g6 3. c4 Bg7 4. Nc3 O-O 5. e4 d6 6. Be2 Nbd7 7. O-O e5 8. dxe5
dxe5 9. b4 Re8 10. Rb1 c6 11. Qa4 Qc7 12. Ba3 Nf8 13. b5 Bg4 14. Rfd1 Bxf3 15.
Bxf3 Ne6 16. Bd6 Qc8 17. bxc6 bxc6 18. c5 Nd4 19. Rd3 Qe6 20. Bd1 Red8 21. Bb3
Qe8 22. Rbd1 Nd7 23. h4 Bf8 24. Rxd4 exd4 25. Qxd4 Bxd6 26. cxd6 c5 27. Qe3 Nb6
28. e5 c4 29. Bc2 Qe6 30. f4 Rac8 31. h5 f6 32. hxg6 hxg6 33. Ne4 Nd7 34. Qg3
fxe5 35. f5 Qf7 36. fxg6 Qg7 37. Qh3 Rf8 38. Qe6+ Kh8 39. Rd3 Rf1+ 40. Kxf1
cxd3 41. Qh3+ Kg8 42. Bb3+ Kf8 43. Qf5+ Ke8 44. Bf7+ 1-0

[Event "Open A Zadar 2016"]
[Site "Zadar"]
[Date "2016.12.16"]
[Round "8.6"]
[White "Klekowski, Maciej"]
[Black "Zelcic, Robert"]
[Result "0-1"]
[WhiteElo "2448"]
[BlackElo "2496"]
[PlyCount "172"]
[EventDate "2016.12.11"]
[EventCountry "CRO"]
[WhiteClock "1:30:00"]
[BlackClock "1:30:00"]

1. c4 e5 2. Nc3 Nf6 3. g3 d5 4. cxd5 Nxd5 5. Bg2 Nb6 6. e3 Nc6 7. Nge2 Be7 8.
O-O O-O 9. f4 exf4 10. Nxf4 Ne5 11. b3 c6 12. Bb2 Bg4 13. Qc2 Ng6 14. a4 a5 15.
Ne4 Nxf4 16. Rxf4 Be6 17. Nc5 Bxc5 18. Qxc5 Nd5 19. Rd4 Qg5 20. Bc3 b6 21. Qxc6
Nxe3 22. Be4 Rac8 23. Qxb6 Rxc3 24. dxc3 Nc2 25. Bxc2 Qe3+ 26. Kg2 Bd5+ 27. Kh3
Qf2 28. Bxh7+ Kh8 29. Ra2 Be6+ 30. Qxe6 Qf1+ 31. Rg2 fxe6 32. Rh4 Qe1 33. Bf5+
Kg8 34. Re4 Qxc3 35. Bxe6+ Kh7 36. Rh4+ Kg6 37. Rg4+ Kf6 38. Rf2+ Ke7 39. Rxf8
Kxf8 40. Re4 Qd3 41. Bf5 Qf1+ 42. Kg4 Qd1+ 43. Kh4 Kf7 44. Be6+ Kf6 45. Bc4 g5+
46. Kh3 Kf5 47. Re3 Qg1 48. Rf3+ Kg6 49. Rf1 g4+ 50. Kxg4 Qxh2 51. Rf5 Qh1 52.
Rg5+ Kh6 53. Re5 Qd1+ 54. Kf4 Qd4+ 55. Kf5 Qf2+ 56. Ke4 Qxg3 57. Kd5 Kg6 58.
Re6+ Kf5 59. Kc5 Qb8 60. Rb6 Qe5+ 61. Bd5 Qc3+ 62. Bc4 Qe5+ 63. Kc6 Qe8+ 64.
Kb7 Qd8 65. Rb5+ Ke4 66. Rd5 Qe7+ 67. Ka6 Qc7 68. Kb5 Ke3 69. Rc5 Qd8 70. Re5+
Kf4 71. Re6 Qd2 72. Ka6 Kf5 73. Rb6 Ke4 74. Rc6 Qb4 75. Rb6 Qc5 76. Bb5 Qc3 77.
Bc4 Qd2 78. Rb5 Qd8 79. Rxa5 Qa8+ 80. Kb5 Qb7+ 81. Kc5 Qc7+ 82. Kb4 Qd6+ 83.
Kb5 Kd4 84. Ra7 Qb8+ 85. Ka6 Kc5 86. a5 Qc8+ 0-1

[Event "Open A Zadar 2016"]
[Site "Zadar"]
[Date "2016.12.16"]
[Round "8.7"]
[White "Swayams, Mishra"]
[Black "Livaic, Leon"]
[Result "1/2-1/2"]
[WhiteElo "2473"]
[BlackElo "2451"]
[PlyCount "105"]
[EventDate "2016.12.11"]
[EventCountry "CRO"]
[WhiteClock "1:28:00"]
[BlackClock "0:07:53"]

1. Nf3 Nf6 2. c4 e6 3. d4 d5 4. Nc3 dxc4 5. Qa4+ c6 6. Qxc4 b5 7. Qd3 a6 8. g3
c5 9. Bg2 Bb7 10. O-O Nbd7 11. Rd1 Be7 12. Bg5 h6 13. Bxf6 Nxf6 14. dxc5 Qxd3
15. Rxd3 Bxc5 16. Ne5 Bxg2 17. Kxg2 O-O 18. Rad1 Rfc8 19. Nd7 Nxd7 20. Rxd7 Bb4
21. Ne4 Rc2 22. a3 Bf8 23. R1d2 Rac8 24. Rxc2 Rxc2 25. Rd2 Rc6 26. f4 f5 27.
Nf2 Kf7 28. Kf3 Bd6 29. e4 Ke7 30. Nd3 Rc4 31. e5 Bc7 32. Rd1 Bb6 33. Rc1 Bd4
34. Rd1 Rc2 35. g4 Bxb2 36. gxf5 exf5 37. Nb4 Rc3+ 38. Ke2 Rc4 39. Rd6 Bxa3 40.
Nd5+ Kf8 41. Rxa6 Rd4 42. Rb6 Rc4 43. Ra6 Ra4 44. Rb6 Rd4 45. Rxb5 Bc1 46. e6
Bxf4 47. Kf3 Bxh2 48. Rc5 Rxd5 49. Rxd5 Ke7 50. Rd7+ Kxe6 51. Rxg7 Be5 52. Rg6+
Kf7 53. Rxh6 1/2-1/2

[Event "Open A Zadar 2016"]
[Site "Zadar"]
[Date "2016.12.16"]
[Round "8.8"]
[White "Schreiner, Peter"]
[Black "Xiang, Zeyu"]
[Result "1-0"]
[WhiteElo "2472"]
[BlackElo "2310"]
[PlyCount "61"]
[EventDate "2016.12.11"]
[EventCountry "CRO"]
[WhiteClock "1:30:00"]
[BlackClock "1:30:00"]

1. d4 d5 2. c4 c6 3. Nf3 Nf6 4. e3 e6 5. b3 Nbd7 6. Bb2 Bd6 7. Bd3 O-O 8. O-O
Ne4 9. Nc3 f5 10. Ne2 b6 11. Rc1 Bb7 12. Ne5 Rc8 13. f3 Nef6 14. Nf4 Qe7 15.
Qe2 c5 16. Kh1 dxc4 17. Bxc4 Nd5 18. Nxd7 Qxd7 19. dxc5 Bxc5 20. Rcd1 Qf7 21.
Nd3 Bd6 22. e4 Nc7 23. Be5 Rcd8 24. Bxd6 Ra8 25. Ne5 Qe7 26. exf5 Rxf5 27. Bd3
Ba6 28. Bxa6 Nxa6 29. g4 Rg5 30. f4 Qb7+ 31. Qg2 1-0

[Event "Open A Zadar 2016"]
[Site "Zadar"]
[Date "2016.12.16"]
[Round "8.9"]
[White "Saric, Ante"]
[Black "Reich, Thomas"]
[Result "1-0"]
[WhiteElo "2547"]
[BlackElo "2362"]
[PlyCount "57"]
[EventDate "2016.12.11"]
[EventCountry "CRO"]
[WhiteClock "1:30:00"]
[BlackClock "1:30:00"]

1. e4 c5 2. Nf3 g6 3. c4 Bg7 4. d4 cxd4 5. Nxd4 Nc6 6. Be3 Nf6 7. Nc3 O-O 8.
Be2 d6 9. O-O Bd7 10. h3 Nxd4 11. Bxd4 Bc6 12. Qc2 a5 13. Rad1 Nd7 14. Bxg7
Kxg7 15. Bg4 Ne5 16. c5 Nxg4 17. hxg4 Qc8 18. cxd6 Qxg4 19. dxe7 Rfe8 20. Nd5
Bxd5 21. Qc3+ Kg8 22. exd5 Rxe7 23. d6 Rd7 24. Rfe1 h5 25. Rd4 Qg5 26. Rde4 Qd8
27. Qd4 Qf8 28. Re7 Rad8 29. Qa4 1-0

[Event "Open A Zadar 2016"]
[Site "Zadar"]
[Date "2016.12.16"]
[Round "8.10"]
[White "Djurovic, Goran"]
[Black "Stopa, Jacek"]
[Result "0-1"]
[WhiteElo "2396"]
[BlackElo "2479"]
[PlyCount "112"]
[EventDate "2016.12.11"]
[EventCountry "CRO"]
[WhiteClock "1:27:00"]
[BlackClock "1:30:00"]

1. d4 e6 2. e4 d5 3. Nc3 Nf6 4. e5 Nfd7 5. f4 c5 6. Nf3 Nc6 7. Be3 Be7 8. Be2
O-O 9. O-O f6 10. exf6 Nxf6 11. h3 Nh5 12. Ne5 cxd4 13. Nxc6 bxc6 14. Qxd4 Ng3
15. Qd2 Nxf1 16. Rxf1 c5 17. f5 d4 18. Bf3 Ba6 19. Rd1 Rc8 20. Qe1 exf5 21. Bf4
Kh8 22. Qe6 Rf6 23. Qe1 Rf8 24. Qe6 Bg5 25. Qxa6 Bxf4 26. Nd5 Bb8 27. Re1 Re8
28. Re6 Rxe6 29. Qxe6 Qe8 30. Qxe8+ Rxe8 31. Kf2 Bd6 32. b3 Kg8 33. a4 Kf7 34.
Be2 Ke6 35. Bc4 Ke5 36. a5 g5 37. g4 Rf8 38. Kg2 h5 39. gxh5 Rh8 40. a6 Rxh5
41. Be2 Rh7 42. c4 dxc3 43. Nxc3 Bb8 44. Nb5 Kf4 45. Na3 Rh6 46. Bb5 Rb6 47.
Bc4 Rd6 48. Kf2 Rd2+ 49. Be2 Rb2 50. Nc4 Rxb3 51. Bf1 Bc7 52. Kg2 Rc3 53. Kf2
Rc2+ 54. Be2 g4 55. hxg4 fxg4 56. Kf1 Ra2 0-1

[Event "Open A Zadar 2016"]
[Site "Zadar"]
[Date "2016.12.16"]
[Round "8.11"]
[White "Fercec, Nenad"]
[Black "Halvax, Georg"]
[Result "0-1"]
[WhiteElo "2461"]
[BlackElo "2395"]
[PlyCount "60"]
[EventDate "2016.12.11"]
[EventCountry "CRO"]
[WhiteClock "1:30:00"]
[BlackClock "1:30:00"]

1. e4 d6 2. d4 Nf6 3. Nc3 e5 4. Nf3 Nbd7 5. g4 Nxg4 6. Rg1 Ngf6 7. Be3 c6 8.
Qd2 b5 9. O-O-O Qa5 10. dxe5 dxe5 11. Kb1 b4 12. Na4 h6 13. Bc4 Ba6 14. Bxa6
Qxa6 15. b3 c5 16. Nh4 g6 17. f4 Qc6 18. fxe5 Nxe4 19. Qg2 Be7 20. Nf3 Nb6 21.
e6 Nxa4 22. exf7+ Kf8 23. bxa4 Nc3+ 24. Kc1 Nxa2+ 25. Kd2 Qe4 26. Rde1 Rd8+ 27.
Ke2 Nc3+ 28. Kf2 Qxc2+ 29. Kg3 Ne4+ 30. Kg4 Qc4 0-1

[Event "Open A Zadar 2016"]
[Site "Zadar"]
[Date "2016.12.16"]
[Round "8.12"]
[White "Markoja, Boris"]
[Black "Kreisl, Robert"]
[Result "1/2-1/2"]
[WhiteElo "2366"]
[BlackElo "2436"]
[PlyCount "24"]
[EventDate "2016.12.11"]
[EventCountry "CRO"]
[WhiteClock "1:30:00"]
[BlackClock "1:30:00"]

1. d4 Nf6 2. c4 e6 3. g3 d5 4. Nf3 Bb4+ 5. Bd2 Be7 6. Bg2 O-O 7. O-O c6 8. Qc2
Nbd7 9. Bf4 Nh5 10. Bc1 Nhf6 11. Bf4 Nh5 12. Bc1 Nhf6 1/2-1/2

[Event "Open A Zadar 2016"]
[Site "Zadar"]
[Date "2016.12.16"]
[Round "8.13"]
[White "Rezan, Sasa"]
[Black "Mencinger, Vojko"]
[Result "1-0"]
[WhiteElo "2437"]
[BlackElo "2356"]
[PlyCount "89"]
[EventDate "2016.12.11"]
[EventCountry "CRO"]
[WhiteClock "1:30:00"]
[BlackClock "1:30:00"]

1. d4 Nf6 2. c4 e6 3. Nf3 b6 4. a3 Bb7 5. Nc3 d5 6. Bg5 Be7 7. e3 O-O 8. Rc1
dxc4 9. Bxc4 Nbd7 10. O-O c5 11. Qe2 h6 12. Bh4 Ne4 13. Bg3 Nxc3 14. Rxc3 cxd4
15. Nxd4 Nc5 16. Rd1 Ne4 17. Nxe6 Nxc3 18. bxc3 Qc8 19. Nxf8 Bxf8 20. Qa2 Kh8
21. a4 Qc6 22. Bd5 Rd8 23. c4 Ba6 24. Ra1 Qf6 25. h3 Bc5 26. Rb1 Bc8 27. a5 Qg6
28. axb6 axb6 29. Re1 Be6 30. Kh2 Bxd5 31. cxd5 Bd6 32. e4 Bxg3+ 33. fxg3 Qd6
34. Qf2 Qb4 35. Re2 f6 36. Qf4 Qc4 37. Re1 Rc8 38. Qf5 Ra8 39. Rd1 Ra2 40. Qf3
Ra7 41. Qf4 Rc7 42. e5 fxe5 43. Qf8+ Kh7 44. d6 Rf7 45. Qxf7 1-0

[Event "Open A Zadar 2016"]
[Site "Zadar"]
[Date "2016.12.16"]
[Round "8.14"]
[White "Glavas, Dragan"]
[Black "Plenca, Jadranko"]
[Result "0-1"]
[WhiteElo "2286"]
[BlackElo "2415"]
[PlyCount "81"]
[EventDate "2016.12.11"]
[EventCountry "CRO"]
[WhiteClock "1:30:00"]
[BlackClock "1:30:00"]

1. d4 d5 2. c4 e6 3. Nc3 Be7 4. cxd5 exd5 5. Bf4 c6 6. Qc2 Nf6 7. h3 Na6 8. a3
g6 9. e3 Bf5 10. Qd2 Nc7 11. Nf3 O-O 12. Be2 Ne4 13. Nxe4 dxe4 14. Ne5 Nd5 15.
Bh2 Bd6 16. O-O Qc7 17. f4 Be6 18. Rac1 Qe7 19. Bc4 f6 20. Ng4 Kg7 21. Bxd5
cxd5 22. Nf2 Qd7 23. Nd1 Rfc8 24. Nc3 Rc4 25. g4 f5 26. gxf5 Bxf5 27. Nxd5 Bxh3
28. Rf2 Rxc1+ 29. Qxc1 Bg4 30. Nc3 Bf3 31. Kf1 Be7 32. f5 Qxf5 33. Be5+ Kg8 34.
Nd5 Bh4 35. Qc7 Be2+ 36. Kxe2 Qxf2+ 37. Kd1 Qf7 38. Qd6 Rd8 39. Nf6+ Bxf6 40.
Qxf6 Qxf6 41. Bxf6 0-1

[Event "Open A Zadar 2016"]
[Site "Zadar"]
[Date "2016.12.16"]
[Round "8.15"]
[White "Plenca, Julijan"]
[Black "Guttenthaler, Franz"]
[Result "1/2-1/2"]
[WhiteElo "2411"]
[BlackElo "2268"]
[PlyCount "78"]
[EventDate "2016.12.11"]
[EventCountry "CRO"]
[WhiteClock "1:30:00"]
[BlackClock "1:30:00"]

1. e4 e6 2. d4 d5 3. Nd2 Be7 4. Ngf3 Nf6 5. e5 Nfd7 6. Bd3 c5 7. c3 Nc6 8. O-O
g5 9. h3 h5 10. Re1 cxd4 11. cxd4 g4 12. hxg4 hxg4 13. Nh2 g3 14. fxg3 Nxd4 15.
Qg4 Bc5 16. Kh1 Qe7 17. b4 Bb6 18. Nb3 Nxb3 19. axb3 Qf8 20. Bb5 Qg8 21. Qxg8+
Rxg8 22. Be3 Ke7 23. Nf3 Bxe3 24. Rxe3 Rxg3 25. Rc1 Rg4 26. Be2 Re4 27. Rxe4
dxe4 28. Ng5 Nxe5 29. Nxe4 Bd7 30. Rc7 Kd8 31. Rc4 Nc6 32. Nd6 b6 33. Nxf7+ Ke7
34. Rh4 Kxf7 35. Rh7+ Kf6 36. Rxd7 Nxb4 37. Bf3 Nd5 38. Bxd5 exd5 39. Rxd5 a5
1/2-1/2

[Event "Open A Zadar 2016"]
[Site "Zadar"]
[Date "2016.12.16"]
[Round "8.16"]
[White "Deglmann, Ludwig"]
[Black "Schnider, Gert"]
[Result "0-1"]
[WhiteElo "2303"]
[BlackElo "2407"]
[PlyCount "128"]
[EventDate "2016.12.11"]
[EventCountry "CRO"]
[WhiteClock "1:30:00"]
[BlackClock "1:30:00"]

1. f4 d5 2. Nf3 Nf6 3. g3 g6 4. Bg2 Bg7 5. O-O O-O 6. d3 c5 7. c3 Nc6 8. Na3
Rb8 9. Ne5 Qc7 10. Qa4 Nd7 11. Nxc6 bxc6 12. e4 c4 13. exd5 cxd5 14. dxc4 Nb6
15. Qa5 d4 16. c5 Nd5 17. Qxc7 Nxc7 18. c4 Rd8 19. Bd2 Bf5 20. b4 d3 21. Nb5
Nxb5 22. cxb5 Rxb5 23. a4 Rbb8 24. Rab1 Bd4+ 25. Kh1 Be6 26. c6 Rdc8 27. b5 f6
28. Rfe1 Ba2 29. Rb4 e5 30. h4 a6 31. Bh3 Rc7 32. fxe5 fxe5 33. Kh2 axb5 34.
axb5 Bc5 35. Rb2 Bc4 36. Rxe5 Bd4 37. Re4 Bxb2 38. Rxc4 Rxb5 39. Bd7 Be5 40.
Kh3 Rb2 41. Bh6 Kf7 42. Re4 Rb5 43. Re3 Rd5 44. Rf3+ Ke7 45. Bg5+ Kd6 46. Rf7
Kc5 47. Be7+ Kb5 48. Rf1 d2 49. Rd1 Rdxd7 50. cxd7 Rxd7 51. Bg5 Bc3 52. Kg4 Kc4
53. Kf3 Kd3 54. Bxd2 Bxd2 55. h5 g5 56. Kg4 Rd4+ 57. Kf5 Ke2 58. Ra1 g4 59. Ra7
h6 60. Ra3 Kf2 61. Ke5 Be3 62. Kf5 Kxg3 63. Rb3 Rd5+ 64. Kg6 Rg5+ 0-1

[Event "Open A Zadar 2016"]
[Site "Zadar"]
[Date "2016.12.16"]
[Round "8.17"]
[White "Jakic, Ivan"]
[Black "Cebalo, Miso"]
[Result "1/2-1/2"]
[WhiteElo "2380"]
[BlackElo "2333"]
[PlyCount "50"]
[EventDate "2016.12.11"]
[EventCountry "CRO"]
[WhiteClock "1:30:00"]
[BlackClock "1:30:00"]

1. e4 c5 2. Nf3 d6 3. d4 cxd4 4. Nxd4 Nf6 5. f3 Nc6 6. c4 Nxd4 7. Qxd4 g6 8.
Nc3 Bg7 9. Be3 O-O 10. Qd2 a5 11. Rd1 a4 12. Be2 Qa5 13. Nb5 Qxd2+ 14. Rxd2 Bd7
15. Nd4 Rfc8 16. O-O Ne8 17. Rfd1 Nc7 18. b4 axb3 19. Nxb3 Be6 20. Nd4 Ra3 21.
Kf2 Na6 22. Nxe6 fxe6 23. Rb1 Rc7 24. Bb6 Rc8 25. Be3 Rc7 1/2-1/2